000 00511nam a22001817a 4500
005 20250602132221.0
008 250602b |||||||| |||| 00| 0 eng d
020 _a9781485133049
041 _aEnglish
082 _a344.1 GRO
100 _aGrogan, J
_lEnglish
245 _aEmployment Rights
250 _aThird Edition
260 _aCape Town:
_bJuta and Company (Pty) Ltd,
_c2019
300 _bxv, 457 pages;
_c26 cm.
650 _aLegal practice
_bLaw
942 _cBK
_6ALISON_BN_VRIES
999 _c3303
_d3303